Nomes Masculinos mais Comuns no Brasil - Statistics

Estatísticas Gerais
  • Esse quiz foi jogado 240 vezes
  • A pontuação média é 13 de 20
Estatísticas das Respostas
Posição Frequência Nome % Correto
3.410.873 João
98%
1.613.671 Pedro
92%
5.141.822 José
85%
10º 1.201.030 Gabriel
83%
1.332.182 Lucas
82%
1.326.222 Paulo
73%
1.468.116 Carlos
69%
11º 1.078.017 Marcos
69%
18º 672.032 Felipe
66%
13º 867.715 Rafael
64%
2.231.019 Antônio
62%
1.659.196 Francisco
61%
19º 671.429 Guilherme
59%
17º 676.017 Gustavo
59%
15º 765.852 Daniel
56%
20º 654.801 Eduardo
55%
14º 833.846 Luis
54%
16º 709.295 Miguel
53%
12º 868.418 Davi
45%
1.328.252 Luiz
36%
Nenhum quiz correspondente encontrado
Distribuição das Pontuações
Porcentagem de Pessoas com Cada Pontuação
Percentil de Números Respondidos
Sua Pontuação Histórica
Você não jogou esse quiz